000 00486nam a2200169Ia 4500
005 20250508151819.0
008 008 250505s9999 xx 000 0 eng d
037 _aBooks to be hide in OPAC
040 _aFEDL
_beng
_cFEDL
041 _aeng
_2eng
084 _a309.142, GRE
_qFEDL
245 0 _aBritain: An official handbook
260 _aLondon, UK
_bThe Central Office of Information
300 _aix,477p
942 _cHB
_h309.142, GRE
999 _c1332266
_d1332266